000 00393nam a22001697a 4500
005 20160528124725.0
008 160528b xxu||||| |||| 00| 0 eng d
020 _a978-81-203-3543-1
041 _aeng
082 _b5823
100 _aSrinivasan, R.
_91419
245 _aCase studies in Marketing
260 _aNew Delhi
_bPHI,
300 _a341
650 _aManagement
_9241
942 _cBK
999 _c2065
_d2064